Guess the city by it's skyline - Statistics

General Stats
  • This quiz has been taken 50 times
  • The average score is 11 of 16
Answer Stats
Picture Answer % Correct
New York
100%
Rio de Janeiro
95%
Cairo
93%
Sydney
93%
Las Vegas
88%
Moscow
88%
Tokyo
88%
Chicago
79%
London
70%
Singapore
70%
Athens
65%
Kuala Lumpur
65%
Cape Town
53%
Bangkok
30%
Santiago
23%
Nassau
19%
No matching quizzes found
Score Distribution
Percent of People with Each Score
Percentile by Number Answered
Your Score History
You have not taken this quiz